Bồi dưỡng năng lực mô hình hoá toán học cho học sinh lớp 12 thông qua dạy học chủ đề “Hàm số mũ – Hàm số Logarit” Luận văn Thạc sĩ Khoa học giáo dục . Chuyên ngành: Lý luận và phương pháp dạy học bộ môn toán. Mã số: 8140111

Đã lưu trong:
書目詳細資料
主要作者: Lương, Viết Thông
其他作者: Lê, Xuân Trường (Hướng dẫn)
格式: 工具包 圖書
語言:Vietnamese
出版: Đồng Tháp Đại học Đồng Tháp 2019
主題:
標簽: 添加標簽
沒有標簽, 成為第一個標記此記錄!
Thư viện lưu trữ: Trung tâm Học liệu Lê Vũ Hùng, Trường Đại học Đồng Tháp
LEADER 01314ppm a22002658a 4500
001 00044577
005 20190819130843.0
008 151204s2015 ||||||viesd
041 0 # |a vie 
082 1 4 |b B452D  |a 515 
100 1 # |a Lương, Viết Thông 
245 0 0 |a Bồi dưỡng năng lực mô hình hoá toán học cho học sinh lớp 12 thông qua dạy học chủ đề “Hàm số mũ – Hàm số Logarit”  |b Luận văn Thạc sĩ Khoa học giáo dục . Chuyên ngành: Lý luận và phương pháp dạy học bộ môn toán. Mã số: 8140111  |c Lương Viết Thông; Lê Xuân Trường (hướng dẫn) 
260 # # |a Đồng Tháp  |b Đại học Đồng Tháp  |c 2019 
300 # # |a 104 tr.+ phụ lục  |c 30cm.  |e 1 bản tóm tắt 
500 # # |a ĐTTS ghi: Bộ giáo dục và đào tạo. Trường Đại học Đồng Tháp 
653 # # |a Bồi dưỡng 
653 # # |a Mô hình 
653 # # |a Lớp 12 
653 # # |a Chủ để 
653 # # |a Hàm số mũ 
653 # # |a Học sinh 
700 1 # |a Lê, Xuân Trường  |e Hướng dẫn 
852 # # |j LV.0002298  |j LV.0002299 
910 # # |d 19/8/2019 
980 # # |a Trung tâm Học liệu Lê Vũ Hùng, Trường Đại học Đồng Tháp